Reisehandbuch : Provinz Barcelona : Vrillante Vorschläge und bleibende Erfahrungen Provinz Barcelona : Vrillante Vorschläge und bleibende Erfahrungen
Descripción Física:
27 pàgines : il·lustracions ; 24 cm
Materias:
Cultura i lleure -- Barcelona (Província)
; Barcelona (Catalunya : Província) -- Guies
; Barcelona (Catalunya : Província) -- Descripcions i viatges
Idioma:
German
MARC
| LEADER | 00000nam a2200000 a 4500 | ||
|---|---|---|---|
| 001 | 26472 | ||
| 008 | 220816b spa||||| |||| 00| 0 ger d | ||
| 017 | |a DL B 5588-2015 | ||
| 080 | |a FU-72-60 | ||
| 245 | |a Reisehandbuch : |b Provinz Barcelona : Vrillante Vorschläge und bleibende Erfahrungen | ||
| 260 | |a Barcelona : |b Diputació de Barcelona, |c 2015 | ||
| 300 | |a 27 pàgines : |b il·lustracions ; |c 24 cm | ||
| 650 | 0 | |a Cultura i lleure |z Barcelona (Província) |9 52671 | |
| 651 | 0 | |9 52676 |a Barcelona (Catalunya : Província) |v Guies | |
| 651 | 0 | |a Barcelona (Catalunya : Província) |x Descripcions i viatges |9 52924 | |
| 710 | 1 | |a Barcelona (Catalunya : Província). |b Diputació |9 52408 | |
| 710 | 2 | |a Barcelona ist viel mehr |e marca turística |9 52850 | |
| 942 | |2 udc |c ARXIU |n 1 | ||
| 952 | |0 0 |1 0 |4 0 |6 FU7260 |7 1 |9 63448 |a Arxiu |b Arxiu |d 2022-08-16 |l 0 |o FU-72-60 |p 26472 |r 2022-08-16 00:00:00 |w 2022-08-16 |y ARXIU | ||
| 999 | |c 82587 |d 82587 | ||